| Tag |
First Indicator |
Second Indicator |
Subfields |
| LEADER |
00000cam a2200000 4500 |
| 001 |
in00000055380 |
| 005 |
20151008052224.0 |
| 008 |
711208s1956 ilu 00000 eng u |
| 010 |
|
|
|a 56009889
|
| 035 |
|
|
|a (OCoLC)00180128
|
| 035 |
|
|
|9 AAH2309AM
|
| 040 |
|
|
|c WSU
|d TXA
|d UtOrBLW
|
| 049 |
|
|
|a TXAM
|c [351593]
|
| 050 |
|
0 |
|a LB1027.5
|b .C65
|
| 092 |
|
|
|a 371.422
|b C848g, 1956
|
| 100 |
1 |
|
|a Cottingham, Harold Fred,
|d 1913-
|
| 245 |
1 |
0 |
|a Guidance in elementary schools: principles and practices.
|
| 264 |
|
1 |
|a Bloomington, Ill. :
|b McKnight & McKnight Pub. Co.,
|c [1956]
|
| 300 |
|
|
|a 325 pages :
|b illustrations ;
|c 24 cm.
|
| 336 |
|
|
|a text
|b txt
|2 rdacontent
|
| 337 |
|
|
|a unmediated
|b n
|2 rdamedia
|
| 338 |
|
|
|a volume
|b nc
|2 rdacarrier
|
| 650 |
|
0 |
|a Counseling in elementary education.
|
| 999 |
|
|
|a MARS
|
| 999 |
f |
f |
|s 4400eaaa-a35a-3657-ba93-179538a02ba3
|i 3ce02b43-9f07-33ed-bc00-93de9f9731cf
|t 0
|
| 952 |
f |
f |
|p normal
|a Texas A&M University
|b College Station
|c Sterling C. Evans Library
|d Evans: Library Stacks
|t 0
|e LB1027.5 .C65
|h Library of Congress classification
|i unmediated -- volume
|m A14834863770
|
| 998 |
f |
f |
|a LB1027.5 .C65
|t 0
|l Evans: Library Stacks
|